Spell the Marvel Character #95 - Statistics

General Stats
  • This quiz has been taken 25 times
  • The average score is 7 of 9
Answer Stats
Picture Answer % Correct
Dazzler
100%
Adam Warlock
95%
Old Man Logan
95%
Deadpool
79%
Elsa Bloodstone
79%
Outlaw
79%
Doc Samson
68%
Lady Fantomex
58%
Phyla-Vell
53%
No matching quizzes found
Score Distribution
Percent of People with Each Score
Percentile by Number Answered
Your Score History
You have not taken this quiz